Online
Catalog

The theaching of philosophy in Latin America and the Caribbean : (Record no. 45836)

MARC details
000 -CABECERA
campo de control de longitud fija 00761nam a2200181 a 4500
001 - NÚMERO DE CONTROL
campo de control 000046347
005 - FECHA Y HORA DE LA ÚLTIMA TRANSACCIÓN
campo de control 20201002052815.0
008 - DATOS DE LONGITUD FIJA--INFORMACIÓN GENERAL
campo de control de longitud fija 150731s2014 dr 000 0 eng d
040 ## - FUENTE DE LA CATALOGACIÓN
Centro catalogador/agencia de origen DO-SdBNP
Lengua de catalogación eng
Centro/agencia transcriptor BNPHU
082 ## - NÚMERO DE LA CLASIFICACIÓN DECIMAL DEWEY
Número de clasificación xxxxxxxx
Número de documento/Ítem xxxxxxxx
245 00 - MENCIÓN DE TÍTULO
Título The theaching of philosophy in Latin America and the Caribbean :
Resto del título proceedings from the high-level regional meeting /
Mención de responsabilidad, etc. editado por Gabriela Santoni, Julián Valdés ; traducción Allison J. Petrozziello ; prólogo Laura Faxas.
260 ## - PUBLICACIÓN, DISTRIBUCIÓN, ETC.
Lugar de publicación, distribución, etc. Santo Domingo :
Nombre del editor, distribuidor, etc. Ministerio de cultura,
Fecha de publicación, distribución, etc. 2014.
300 ## - DESCRIPCIÓN FÍSICA
Extensión 112 p. ;
Dimensiones 22 cm.
700 1# - PUNTO DE ACCESO ADICIONAL--NOMBRE DE PERSONA
Nombre de persona Santoni, Gabriela,
Término indicativo de función/relación ed.
9 (RLIN) 74373
700 1# - PUNTO DE ACCESO ADICIONAL--NOMBRE DE PERSONA
Nombre de persona Valdés, Julián,
Término indicativo de función/relación ed.
9 (RLIN) 74374
700 1# - PUNTO DE ACCESO ADICIONAL--NOMBRE DE PERSONA
Nombre de persona Petrozziello, Allison J.,
Término indicativo de función/relación tr.
9 (RLIN) 63193
700 1# - PUNTO DE ACCESO ADICIONAL--NOMBRE DE PERSONA
Nombre de persona Faxas, Laura,
Término indicativo de función/relación pról.
9 (RLIN) 13228
Holdings
Estado de retiro Estado de pérdida Restricciones de uso No para préstamo Código de colección Localización permanente Ubicación/localización actual Ubicación en estantería Fecha de adquisición Número de inventario Total de préstamos Signatura topográfica completa Código de barras Fecha visto por última vez Número de copia Precio válido a partir de Tipo de ítem Koha
        Dominicana de Servicio General General Depósito 31.07.2015 LF1   xxxxxxxx xxxxxxxx 46347-30 25.06.2020 e. 3 25.06.2020 Libro y Folleto Colección Dominicana de Servicio
      Excluido de préstamo Patrimonio Dominicano Patrimonio Dominicano Patrimonio Dominicano Depósito 31.07.2015 LF1   xxxxxxxx xxxxxxxx 46347-10 25.06.2020   25.06.2020 Libro y Folleto Colección Patrimonio Dominicano
      Excluido de préstamo Patrimonio Dominicano Patrimonio Dominicano Patrimonio Dominicano Depósito 31.07.2015 LF1   xxxxxxxx xxxxxxxx 46347-20 25.06.2020 e. 2 25.06.2020 Libro y Folleto Colección Patrimonio Dominicano

Powered by Koha